[Event "12th Arad Open 2019"]
[Site "Arad"]
[Date "2019.07.29"]
[Round "7.13"]
[White "Talu, Mircea"]
[Black "Marjanovic, Annamaria"]
[Result "1-0"]
[WhiteElo "2278"]
[BlackElo "2343"]
[Annotator "TA"]
[PlyCount "83"]
[EventDate "2019.07.24"]
[EventType "swiss"]
[EventCountry "ROU"]
[SourceTitle "playchess.com"]
[Source "ChessBase"]
[SourceQuality "1"]

{[%evp 9,161,28,30,30,30,26,32,26,33,28,34,21,41,9,35,21,22,17,17,16,56,35,53,52,54,50,52,46,49,44,40,40,85,41,29,7,32,-34,-18,-26,24,13,30,23,6,0,0,0,12,5,28,0,96,5,0,0,10,0,0,0,32,-13,19,19,17,10,120,91,87,87,99,98,104,96,98,119,124,124,124,124,124,112,112,43,110,65,128,65,65,65,65,65,116,119,127,127,135,107,129,116,119,116,116,116,120,0,114,105,137,84,125,128,121,89,195,183,201,214,204,202,385,374,396,392,353,358,452,430,773,756,791,777,779,794,776,764,29987,29988,29989,29990,29996,4153,4137,4137,4137,2295,4137,4137,29975,29975,29974,29975,29974,29975]} 1. d4 e6 2. c4 Nf6 3. Nf3 Bb4+ 4. Nbd2 d6 5. a3 Bxd2+ $1 6. Qxd2 {E11: Bogo-Indian} Nbd7 7. e3 e5 ({Predecessor:} 7... O-O 8. Be2 a5 9. b3 e5 10. Qc2 Qe7 11. O-O b6 12. Bb2 Bb7 {0-1 (21) Lazaravicius,A (1883)-Pultinevicius,P (2389) Kaunas 2017}) 8. Qc2 $146 {White is slightly better.} (8. dxe5 dxe5 9. b4 a5 10. Bb2 axb4 11. axb4 Rxa1+ 12. Bxa1 e4 13. Ne5 {½-½ (41) Fressinet,L (2693)-Turov,M (2635) Nancy 2011}) 8... Qe7 9. Be2 b6 10. O-O Bb7 11. d5 a5 12. b3 {[%cal Bb2b3,Bb3b4][%mdl 32]} O-O 13. Bb2 Rfb8 14. e4 Nf8 15. b4 Ng6 16. Rfc1 h6 17. g3 Bc8 18. Ne1 Bh3 19. Bc3 axb4 20. axb4 Qe8 21. Bf3 Qc8 22. Qd1 Nh7 23. c5 (23. Be2 $14) 23... Rxa1 $15 24. Bxa1 {[#] cxd6 is the strong threat.} Qa6 {[%csl Gh3][%cal Ra6f1]} 25. Qd3 Qa4 (25... Qxd3 {looks sharper.} 26. Nxd3 bxc5 27. bxc5 f5 28. Bh1 Rb3) 26. cxd6 cxd6 27. Bb2 (27. Bd1 {is interesting.} Qd7 28. Bh5 Nf6 29. Be2 Nh7 30. f3) 27... Ng5 28. Bh1 Rf8 29. Nf3 Nh7 30. Bg2 Bd7 (30... Bxg2 $11 31. Kxg2 Qd7) 31. Qa3 (31. Ra1 $16 Qb5 32. Qc3) 31... Qxa3 $11 32. Bxa3 {And now b5! would win.} Ra8 33. Rc3 Ne7 34. Nd2 b5 35. Bc1 (35. Rc7 $5 {[%cal Rc7d7]} Nf6 36. Bb2 $11) 35... Nf8 36. Bf1 $36 {[%mdl 2048] White has good play.} Ra4 37. Bd3 Neg6 (37... f5 $11) 38. Rb3 f5 39. f3 Nh7 40. Nb1 fxe4 41. fxe4 (41. Bxe4 $6 Ne7 $11) 41... Nf6 42. Bb2 {Played: Nb1-c3} 1-0

[Event "12th Arad Open 2019"]
[Site "Arad"]
[Date "2019.07.29"]
[Round "7.14"]
[White "Bonte, Andrei-Mihai"]
[Black "Har-Even, Abir"]
[Result "1/2-1/2"]
[WhiteElo "2337"]
[BlackElo "2083"]
[Annotator "TA"]
[PlyCount "73"]
[EventDate "2019.07.24"]
[EventType "swiss"]
[EventCountry "ROU"]
[SourceTitle "playchess.com"]
[Source "ChessBase"]
[SourceQuality "1"]

{[%evp 9,73,21,20,16,8,0,0,-70,-49,-141,-129,-165,-117,-119,-86,-97,-37,-45,-44,-54,-28,-41,0,-20,12,4,24,5,45,38,42,50,77,15,28,5,36,2,4,4,7,1,2,0,44,35,41,0,0,7,32,33,32,27,27,28,38,29,32,34,40,27,41,0,46,35]} 1. e4 d6 2. d4 Nf6 3. Nc3 c6 4. h3 Qa5 5. Qf3 (5. Bd3 e5 6. Nf3 Be7 7. O-O O-O 8. Bd2 Qc7 9. Ne2 Re8 10. Ng3 Bf8 11. Bg5 Nbd7 12. c3 h6 13. Be3 g6 14. Qd2 Kh7 {½-½ (55) Stefansson,H (2602)-Zhang,Z (2619) Berlin 2015}) 5... e5 6. dxe5 {B07: Pirc Defence: Miscellaneous Systems} dxe5 7. Bg5 $146 ({Predecessor:} 7. Bc4 b5 8. Bb3 Nbd7 9. Bg5 Be7 10. Bd2 Qc7 11. Nge2 Nc5 12. Ng3 O-O {½-½ (41) Bhagwat,V (2187)-Akshayraj,K (2392) Nagpur 2008}) 7... Nbd7 8. O-O-O (8. Bd3 $11) 8... Be7 9. Qg3 {[#]} (9. Nge2 $15) 9... b5 $1 $17 {[%cal Bb7b5,Bb5b4][%mdl 32]} 10. Bxf6 Bxf6 11. Kb1 b4 12. Nce2 Nc5 (12... O-O $17) 13. Qe3 $15 Be6 14. Nc1 $1 Na4 15. Nf3 Rb8 16. Nd2 Be7 17. Nc4 $36 {[%mdl 2048] White is more active.} Qc7 18. Qg3 Bf6 19. Nd6+ Ke7 {Strongly threatening ...Rhd8.} 20. Bc4 Rhd8 {[#]} 21. Bxe6 ({White should play} 21. f4 $1 $16 {[%cal Rf4e5]} Rxd6 22. fxe5 Bxe5 {[%mdl 64] Remove Defender} 23. Qxe5) 21... Rxd6 $11 22. Bb3 Nb6 23. Rxd6 Qxd6 24. c3 {White wants to play Rd1.} Kf8 25. Rd1 Qe7 26. Qd3 Bg5 27. cxb4 Qxb4 28. Qd6+ (28. Qf3 {seems wilder.} Qe7 29. Nd3 Bf6 30. Rc1 Rc8 31. Rc5) 28... Qxd6 29. Rxd6 Bxc1 30. Kxc1 {[%mdl 4096] Endgame KRB-KRN} c5 31. Kd2 Ke7 32. Rc6 {aiming for Rc7+.} Rc8 $1 {[%cal Rc8c6]} 33. Rxc8 Nxc8 34. Kc3 Nb6 35. Bc2 a5 36. a3 Kd6 37. Bd3 {Accuracy: White = 51%, Black = 33%.} 1/2-1/2

[Event "12th Arad Open 2019"]
[Site "Arad"]
[Date "2019.07.29"]
[Round "7.15"]
[White "Kantorik, Marian"]
[Black "Ciorgovean, Iustin"]
[Result "0-1"]
[WhiteElo "2196"]
[BlackElo "2330"]
[Annotator "NA"]
[PlyCount "76"]
[EventDate "2019.07.24"]
[EventType "swiss"]
[EventCountry "ROU"]
[SourceTitle "playchess.com"]
[Source "ChessBase"]
[SourceQuality "1"]
[TimeControl "40/5400+30:900+30"]

1. d4 {[%emt 0:00:15]} Nf6 {[%emt 0:00:00]} 2. c4 {[%emt 0:00:22]} e6 {[%emt 0:00:00]} 3. Nc3 {[%emt 0:00:34]} Bb4 {[%emt 0:00:00]} 4. Qc2 {[%emt 0:01:58]} O-O {[%emt 0:00:29]} 5. e4 {[%emt 0:01:08]} d5 {[%emt 0:03:02]} 6. e5 {[%emt 0:00:15]} Ne4 {[%emt 0:01:29]} 7. Bd3 {[%emt 0:00:18]} c5 {[%emt 0:00:34]} 8. Nge2 {[%emt 0:01:26]} cxd4 {[%emt 0:00:39]} 9. Nxd4 {[%emt 0:00:26]} Nd7 {[%emt 0:00:23]} 10. Bf4 {[%emt 0:05:14]} Qh4 {[%emt 0:02:12]} 11. g3 {[%emt 0:01:23]} Qh5 {[%emt 0:03:18]} 12. O-O {[%emt 0:02:39]} g5 {[%emt 0:12:56]} 13. Bxe4 {[%emt 0:18:10]} dxe4 {[%emt 0:01:52]} 14. Be3 {[%emt 0:03:58]} Bxc3 {[%emt 0:10:36]} 15. bxc3 {[%emt 0:06:58]} Nxe5 {[%emt 0:10:01]} 16. Qxe4 {[%emt 0:00:12]} Ng4 {[%emt 0:00:44]} 17. Qg2 {[%emt 0:02:46]} e5 {[%emt 0:00:32]} 18. Nb5 {[%emt 0:02:22]} Bf5 {[%emt 0:08:04]} 19. Nc7 {[%emt 0:05:43]} Be4 {[%emt 0:01:44]} 20. f3 {[%emt 0:00:19]} Nxe3 {[%emt 0:00:06]} 21. Qf2 {[%emt 0:01:01]} Nxf1 {[%emt 0:01:24]} 22. fxe4 {[%emt 0:01:14]} Qxh2+ {[%emt 0:02:01]} 23. Qxh2 {[%emt 0:00:31]} Nxh2 {[%emt 0:00:04]} 24. Nxa8 {[%emt 0:01:51]} Rxa8 {[%emt 0:00:06]} 25. Kxh2 {[%emt 0:00:05]} Rc8 {[%emt 0:00:51]} 26. Rb1 {[%emt 0:00:23]} Rxc4 {[%emt 0:00:45]} 27. Rxb7 {[%emt 0:00:06]} Rxc3 {[%emt 0:01:30]} 28. Rxa7 {[%emt 0:01:24]} Rc4 {[%emt 0:00:30]} 29. g4 {[%emt 0:00:29]} Rxe4 {[%emt 0:00:21]} 30. Kg3 {[%emt 0:00:06]} Kg7 {[%emt 0:00:43]} 31. a4 {[%emt 0:00:38]} Re3+ {[%emt 0:03:53]} 32. Kf2 {[%emt 0:06:17]} Re4 {[%emt 0:00:51]} 33. Kg3 {[%emt 0:00:51]} Rf4 {[%emt 0:07:17]} 34. a5 {[%emt 0:01:33]} h5 {[%emt 0:00:10]} 35. gxh5 {[%emt 0:01:17]} Kh6 {[%emt 0:00:10]} 36. Re7 {[%emt 0:09:48]} f6 {[%emt 0:03:56]} 37. a6 {[%emt 0:01:14]} Kxh5 {[%emt 0:00:32]} 38. a7 {[%emt 0:00:52]} Ra4 {[%emt 0:00:14]} 0-1

[Event "12th Arad Open 2019"]
[Site "Arad"]
[Date "2019.07.29"]
[Round "7.16"]
[White "Isfan, Ioan-Marius"]
[Black "Petrisor, Adrian-Marian"]
[Result "1/2-1/2"]
[WhiteElo "2164"]
[BlackElo "2422"]
[Annotator "NA"]
[PlyCount "32"]
[EventDate "2019.07.24"]
[EventType "swiss"]
[EventCountry "ROU"]
[SourceTitle "playchess.com"]
[Source "ChessBase"]
[SourceQuality "1"]
[TimeControl "40/5400+30:900+30"]

1. d4 {[%emt 0:06:22]} Nf6 {[%emt 0:00:00]} 2. Nf3 {[%emt 0:00:04]} e6 {[%emt 0:00:00]} 3. c4 {[%emt 0:00:05]} d5 {[%emt 0:00:00]} 4. Nc3 {[%emt 0:00:05]} Bb4 {[%emt 0:02:49]} 5. Qa4+ {[%emt 0:00:48]} Nc6 {[%emt 0:00:07]} 6. Bd2 {[%emt 0:00:06]} O-O {[%emt 0:00:29]} 7. e3 {[%emt 0:01:14]} a6 {[%emt 0:01:44]} 8. Rd1 {[%emt 0:01:36]} Bd7 {[%emt 0:05:03]} 9. Qc2 {[%emt 0:00:18]} Re8 {[%emt 0:05:47]} 10. a3 {[%emt 0:02:13]} Bf8 {[%emt 0:01:14]} 11. h3 {[%emt 0:07:33]} g6 {[%emt 0:08:33]} 12. Bd3 {[%emt 0:00:35]} dxc4 {[%emt 0:05:12]} 13. Bxc4 {[%emt 0:00:54]} b5 {[%emt 0:00:05]} 14. Bd3 {[%emt 0:04:56]} b4 {[%emt 0:01:42]} 15. Ne4 {[%emt 0:00:03]} a5 {[%emt 0:08:55]} 16. Nc5 {[%emt 0:01:20]} Rb8 {[%emt 0:04:19]} 1/2-1/2

[Event "12th Arad Open 2019"]
[Site "Arad"]
[Date "2019.07.29"]
[Round "7.17"]
[White "Martinovici, Ilie"]
[Black "Sarmir, Milos"]
[Result "1/2-1/2"]
[WhiteElo "2407"]
[BlackElo "2098"]
[Annotator "NA"]
[PlyCount "166"]
[EventDate "2019.07.24"]
[EventType "swiss"]
[EventCountry "ROU"]
[SourceTitle "playchess.com"]
[Source "ChessBase"]
[SourceQuality "1"]
[TimeControl "40/5400+30:900+30"]

1. d4 {[%emt 0:00:00]} Nf6 {[%emt 0:00:00]} 2. c4 {[%emt 0:00:00]} c6 {[%emt 0:00:00]} 3. Nf3 {[%emt 0:00:00]} d5 {[%emt 0:00:00]} 4. Qc2 {[%emt 0:00:00]} e6 {[%emt 0:00:09]} 5. Bg5 {[%emt 0:00:06]} Be7 {[%emt 0:00:09]} 6. e3 {[%emt 0:00:12]} Nbd7 {[%emt 0:00:13]} 7. Nc3 {[%emt 0:00:19]} h6 {[%emt 0:00:15]} 8. Bh4 {[%emt 0:00:14]} O-O {[%emt 0:00:19]} 9. cxd5 {[%emt 0:00:59]} cxd5 {[%emt 0:01:46]} 10. Bd3 {[%emt 0:00:10]} a6 {[%emt 0:01:37]} 11. O-O {[%emt 0:01:26]} Nh5 {[%emt 0:00:48]} 12. Bxe7 {[%emt 0:01:04]} Qxe7 {[%emt 0:00:02]} 13. Rac1 {[%emt 0:01:15]} Nhf6 {[%emt 0:01:07]} 14. Qb3 {[%emt 0:05:37]} b5 {[%emt 0:02:19]} 15. a4 {[%emt 0:00:18]} b4 {[%emt 0:00:58]} 16. Ne2 {[%emt 0:03:29]} a5 {[%emt 0:00:19]} 17. Rc7 {[%emt 0:00:25]} Ne8 {[%emt 0:02:05]} 18. Rc2 {[%emt 0:00:32]} Ba6 {[%emt 0:01:44]} 19. Rfc1 {[%emt 0:01:53]} Bxd3 {[%emt 0:08:43]} 20. Qxd3 {[%emt 0:00:02]} Nd6 {[%emt 0:00:47]} 21. Ne5 {[%emt 0:07:47]} Nxe5 {[%emt 0:03:12]} 22. dxe5 {[%emt 0:00:05]} Nc4 {[%emt 0:00:09]} 23. f4 {[%emt 0:00:34]} Qc5 {[%emt 0:04:11]} 24. Kf2 {[%emt 0:01:31]} b3 {[%emt 0:05:35]} 25. Qxb3 {[%emt 0:00:05]} Rfb8 {[%emt 0:01:20]} 26. Qc3 {[%emt 0:00:07]} Qb4 {[%emt 0:00:15]} 27. Nd4 {[%emt 0:06:50]} Nxb2 {[%emt 0:02:44]} 28. Nc6 {[%emt 0:03:45]} Qxc3 {[%emt 0:00:19]} 29. Rxc3 {[%emt 0:00:03]} Rb6 {[%emt 0:00:40]} 30. Kg3 {[%emt 0:03:38]} Nc4 {[%emt 0:02:51]} 31. Nd4 {[%emt 0:00:43]} Rb4 {[%emt 0:00:32]} 32. Nb3 {[%emt 0:04:11]} Nb6 {[%emt 0:04:06]} 33. Nd4 {[%emt 0:01:16]} Rxa4 {[%emt 0:01:05]} 34. Nb5 {[%emt 0:04:12]} Rc4 {[%emt 0:03:21]} 35. Na3 {[%emt 0:00:16]} Rxc3 {[%emt 0:02:20]} 36. Rxc3 {[%emt 0:00:01]} Rc8 {[%emt 0:02:18]} 37. Rb3 {[%emt 0:00:25]} Nc4 {[%emt 0:01:05]} 38. Rc3 {[%emt 0:00:10]} Rb8 {[%emt 0:01:50]} 39. Nxc4 {[%emt 0:00:33]} Rc8 {[%emt 0:00:08]} 40. Ra3 {[%emt 0:00:00]} Rxc4 {[%emt 0:00:00]} 41. Rxa5 {[%emt 0:00:54]} g6 {[%emt 0:04:35]} 42. Kf3 {[%emt 0:00:39]} Kg7 {[%emt 0:01:03]} 43. Ra3 {[%emt 0:00:26]} Rb4 {[%emt 0:00:37]} 44. Rd3 {[%emt 0:00:07]} Ra4 {[%emt 0:00:27]} 45. Rd4 {[%emt 0:01:28]} Ra3 {[%emt 0:00:28]} 46. Rd2 {[%emt 0:00:12]} Ra4 {[%emt 0:00:17]} 47. Re2 {[%emt 0:00:08]} Re4 {[%emt 0:01:54]} 48. g3 {[%emt 0:00:35]} g5 {[%emt 0:00:47]} 49. h3 {[%emt 0:01:22]} Kg6 {[%emt 0:01:01]} 50. Ra2 {[%emt 0:00:31]} Kg7 {[%emt 0:00:29]} 51. Ra7 {[%emt 0:01:11]} h5 {[%emt 0:01:31]} 52. Ra3 {[%emt 0:04:18]} Kg6 {[%emt 0:00:32]} 53. Rb3 {[%emt 0:02:40]} Ra4 {[%emt 0:00:32]} 54. Rb8 {[%emt 0:00:17]} Kg7 {[%emt 0:00:37]} 55. fxg5 {[%emt 0:05:58]} Re4 {[%emt 0:00:09]} 56. h4 {[%emt 0:00:04]} Rxe5 {[%emt 0:00:07]} 57. Rb4 {[%emt 0:00:03]} Kg6 {[%emt 0:01:40]} 58. Rf4 {[%emt 0:05:43]} Rf5 {[%emt 0:03:25]} 59. e4 {[%emt 0:00:06]} dxe4+ {[%emt 0:03:26]} 60. Kxe4 {[%emt 0:00:03]} Ra5 {[%emt 0:00:56]} 61. Rf6+ {[%emt 0:03:28]} Kg7 {[%emt 0:00:02]} 62. Kf3 {[%emt 0:01:04]} Ra3+ {[%emt 0:01:38]} 63. Kg2 {[%emt 0:00:22]} Ra2+ {[%emt 0:00:05]} 64. Kh3 {[%emt 0:01:02]} Ra8 {[%emt 0:00:16]} 65. Rf3 {[%emt 0:00:12]} Ra1 {[%emt 0:00:55]} 66. Rf4 {[%emt 0:00:20]} Ra3 {[%emt 0:00:36]} 67. Rf6 {[%emt 0:00:12]} Ra8 {[%emt 0:00:09]} 68. Rh6 {[%emt 0:01:46]} Rh8 {[%emt 0:00:06]} 69. Rxh8 {[%emt 0:01:13]} Kxh8 {[%emt 0:00:03]} 70. g4 {[%emt 0:00:05]} hxg4+ {[%emt 0:00:52]} 71. Kxg4 {[%emt 0:00:05]} Kg7 {[%emt 0:00:22]} 72. h5 {[%emt 0:00:23]} f6 {[%emt 0:00:31]} 73. g6 {[%emt 0:00:13]} Kh6 {[%emt 0:00:15]} 74. Kf4 {[%emt 0:00:06]} Kg7 {[%emt 0:00:12]} 75. Ke4 {[%emt 0:00:12]} Kh6 {[%emt 0:00:21]} 76. Ke3 {[%emt 0:01:26]} Kg7 {[%emt 0:00:13]} 77. Kd4 {[%emt 0:00:04]} Kh6 {[%emt 0:00:25]} 78. Kc5 {[%emt 0:02:58]} f5 {[%emt 0:02:21]} 79. Kd4 {[%emt 0:00:02]} f4 {[%emt 0:00:11]} 80. Kd3 {[%emt 0:00:51]} e5 {[%emt 0:00:09]} 81. Ke4 {[%emt 0:00:01]} Kg7 {[%emt 0:00:21]} 82. Kf3 {[%emt 0:00:06]} Kh6 {[%emt 0:00:08]} 83. Kg4 {[%emt 0:00:01]} Kg7 {[%emt 0:00:11]} 1/2-1/2

[Event "12th Arad Open 2019"]
[Site "Arad"]
[Date "2019.07.29"]
[Round "7.18"]
[White "Dobrin, Ionut-Alexandru"]
[Black "Ahlander, Bjorn"]
[Result "1/2-1/2"]
[WhiteElo "2142"]
[BlackElo "2391"]
[Annotator "NA"]
[PlyCount "117"]
[EventDate "2019.07.24"]
[EventType "swiss"]
[EventCountry "ROU"]
[SourceTitle "playchess.com"]
[Source "ChessBase"]
[SourceQuality "1"]
[TimeControl "40/5400+30:900+30"]

1. d4 {[%emt 0:00:00]} Nf6 {[%emt 0:00:00]} 2. c4 {[%emt 0:00:00]} e6 {[%emt 0:00:00]} 3. Nc3 {[%emt 0:00:00]} Bb4 {[%emt 0:00:00]} 4. f3 {[%emt 0:00:01]} c5 {[%emt 0:00:30]} 5. a3 {[%emt 0:00:05]} Bxc3+ {[%emt 0:00:24]} 6. bxc3 {[%emt 0:00:10]} Nc6 {[%emt 0:00:18]} 7. e4 {[%emt 0:02:30]} d6 {[%emt 0:00:07]} 8. Be3 {[%emt 0:01:09]} b6 {[%emt 0:02:09]} 9. Bd3 {[%emt 0:00:11]} Na5 {[%emt 0:01:21]} 10. Qe2 {[%emt 0:06:42]} e5 {[%emt 0:05:20]} 11. d5 {[%emt 0:00:11]} Nh5 {[%emt 0:03:47]} 12. g3 {[%emt 0:12:10]} O-O {[%emt 0:03:15]} 13. a4 {[%emt 0:20:27]} f5 {[%emt 0:02:37]} 14. exf5 {[%emt 0:03:20]} Bxf5 {[%emt 0:01:55]} 15. Bxf5 {[%emt 0:00:35]} Rxf5 {[%emt 0:00:02]} 16. Nh3 {[%emt 0:01:42]} Qf6 {[%emt 0:11:55]} 17. O-O {[%emt 0:07:05]} Qg6 {[%emt 0:00:04]} 18. Rae1 {[%emt 0:04:19]} Raf8 {[%emt 0:02:14]} 19. Kh1 {[%emt 0:02:36]} Nxc4 {[%emt 0:10:52]} 20. Qxc4 {[%emt 0:07:24]} Nxg3+ {[%emt 0:01:00]} 21. hxg3 {[%emt 0:00:05]} Qxg3 {[%emt 0:00:11]} 22. Re2 {[%emt 0:04:46]} Rh5 {[%emt 0:02:46]} 23. Rg2 {[%emt 0:02:14]} Qxh3+ {[%emt 0:06:37]} 24. Kg1 {[%emt 0:00:04]} Rxf3 {[%emt 0:04:23]} 25. Rxf3 {[%emt 0:00:51]} Qxf3 {[%emt 0:00:03]} 26. Qe2 {[%emt 0:00:40]} Qh3 {[%emt 0:15:44]} 27. Rh2 {[%emt 0:00:16]} Qg3+ {[%emt 0:00:39]} 28. Rg2 {[%emt 0:00:02]} Qh3 {[%emt 0:00:08]} 29. Rh2 {[%emt 0:07:08]} Qxh2+ {[%emt 0:00:47]} 30. Qxh2 {[%emt 0:00:06]} Rxh2 {[%emt 0:00:12]} 31. Kxh2 {[%emt 0:00:01]} h6 {[%emt 0:00:30]} 32. Kh3 {[%emt 0:05:29]} Kf7 {[%emt 0:00:03]} 33. Kg4 {[%emt 0:00:29]} Kf6 {[%emt 0:00:03]} 34. c4 {[%emt 0:00:07]} g5 {[%emt 0:09:12]} 35. Bd2 {[%emt 0:01:26]} Kg6 {[%emt 0:00:35]} 36. a5 {[%emt 0:00:26]} h5+ {[%emt 0:00:24]} 37. Kf3 {[%emt 0:01:18]} Kf5 {[%emt 0:00:18]} 38. a6 {[%emt 0:00:02]} h4 {[%emt 0:02:06]} 39. Be3 {[%emt 0:02:22]} g4+ {[%emt 0:03:18]} 40. Kg2 {[%emt 0:00:00]} g3 {[%emt 0:00:00]} 41. Kh3 {[%emt 0:05:10]} Ke4 {[%emt 0:12:12]} 42. Bg5 {[%emt 0:00:13]} Kf3 {[%emt 0:05:46]} 43. Bxh4 {[%emt 0:00:24]} g2 {[%emt 0:00:03]} 44. Kh2 {[%emt 0:00:10]} e4 {[%emt 0:00:12]} 45. Kg1 {[%emt 0:00:40]} e3 {[%emt 0:01:17]} 46. Be7 {[%emt 0:01:08]} e2 {[%emt 0:03:46]} 47. Bh4 {[%emt 0:00:05]} Ke3 {[%emt 0:01:09]} 48. Kxg2 {[%emt 0:00:16]} Kd3 {[%emt 0:03:44]} 49. Kf2 {[%emt 0:00:08]} Kxc4 {[%emt 0:00:24]} 50. Bd8 {[%emt 0:03:30]} b5 {[%emt 0:01:54]} 51. Kxe2 {[%emt 0:00:17]} Kxd5 {[%emt 0:00:46]} 52. Bb6 {[%emt 0:03:36]} b4 {[%emt 0:00:49]} 53. Bxa7 {[%emt 0:00:32]} Kc6 {[%emt 0:00:02]} 54. Kd3 {[%emt 0:00:29]} Kb5 {[%emt 0:00:25]} 55. Bxc5 {[%emt 0:00:08]} Kxa6 {[%emt 0:00:14]} 56. Bxb4 {[%emt 0:00:05]} Kb5 {[%emt 0:00:07]} 57. Kd4 {[%emt 0:00:10]} Kxb4 {[%emt 0:00:03]} 58. Kd5 {[%emt 0:00:03]} Kb5 {[%emt 0:00:09]} 59. Kxd6 {[%emt 0:00:06]} 1/2-1/2

[Event "12th Arad Open 2019"]
[Site "Arad"]
[Date "2019.07.29"]
[Round "7.19"]
[White "Nicora, Cristi"]
[Black "Bogdan, Dan"]
[Result "0-1"]
[WhiteElo "2102"]
[BlackElo "2370"]
[Annotator "NA"]
[PlyCount "52"]
[EventDate "2019.07.24"]
[EventType "swiss"]
[EventCountry "ROU"]
[SourceTitle "playchess.com"]
[Source "ChessBase"]
[SourceQuality "1"]
[TimeControl "40/5400+30:900+30"]

1. e4 {[%emt 0:00:00]} c5 {[%emt 0:00:00]} 2. Nf3 {[%emt 0:00:00]} d6 {[%emt 0:00:00]} 3. d4 {[%emt 0:00:00]} cxd4 {[%emt 0:00:39]} 4. Nxd4 {[%emt 0:00:00]} Nf6 {[%emt 0:00:08]} 5. Nc3 {[%emt 0:00:00]} Nbd7 {[%emt 0:00:51]} 6. Bc4 {[%emt 0:02:47]} g6 {[%emt 0:05:19]} 7. Be3 {[%emt 0:01:51]} a6 {[%emt 0:04:46]} 8. O-O {[%emt 0:03:16]} Bg7 {[%emt 0:03:15]} 9. f3 {[%emt 0:01:47]} b5 {[%emt 0:02:11]} 10. Bb3 {[%emt 0:01:03]} Bb7 {[%emt 0:01:25]} 11. Qd2 {[%emt 0:00:32]} O-O {[%emt 0:03:49]} 12. Rad1 {[%emt 0:01:18]} Nc5 {[%emt 0:03:32]} 13. Rfe1 {[%emt 0:01:07]} Rc8 {[%emt 0:02:39]} 14. Qf2 {[%emt 0:01:39]} Nxb3 {[%emt 0:02:59]} 15. Nxb3 {[%emt 0:01:46]} Nd7 {[%emt 0:10:21]} 16. Bd4 {[%emt 0:01:19]} Ne5 {[%emt 0:05:34]} 17. Nd5 {[%emt 0:05:36]} f5 {[%emt 0:04:35]} 18. Bb6 {[%emt 0:04:11]} Qd7 {[%emt 0:01:07]} 19. exf5 {[%emt 0:06:25]} Rxf5 {[%emt 0:05:26]} 20. f4 {[%emt 0:26:47]} Bxd5 {[%emt 0:01:18]} 21. Rxd5 {[%emt 0:00:08]} Ng4 {[%emt 0:02:40]} 22. Qf3 {[%emt 0:10:56]} Qc6 {[%emt 0:00:56]} 23. Rd2 {[%emt 0:02:50]} Qxb6+ {[%emt 0:00:06]} 24. Kh1 {[%emt 0:00:08]} Ne5 {[%emt 0:02:36]} 25. Qe4 {[%emt 0:02:26]} Rcf8 {[%emt 0:01:02]} 26. g3 {[%emt 0:01:34]} Nc4 {[%emt 0:00:35]} 0-1